[Event "Box Hill op"]
[Site "Box Hill"]
[Date "2001.10.05"]
[Round "5.24"]
[White "Armerman, Mendel"]
[Black "Mitchell, Simon"]
[Result "0-1"]
[WhiteElo "1564"]
[BlackElo "1247"]
[PlyCount "48"]
[EventDate "2001.09.??"]
[EventType "swiss"]
[EventRounds "7"]
[EventCountry "AUS"]
[SourceTitle "EXT 2003"]
[Source "ChessBase"]
[SourceDate "2002.11.25"]
[SourceVersion "1"]
[SourceVersionDate "2002.11.25"]
[SourceQuality "1"]

1. e4 c5 2. Nc3 Nc6 3. f4 d6 4. Nf3 g6 5. Bc4 Bg7 6. 0-0 a6 7. a3 b5 8. Bd5 Bb7 9. Ng5 e6 10. Bxe6 fxe6 11. Nxe6 Qd7 12. f5 Nd4 13. Nxg7+ Qxg7 14. Nd5 Bxd5 15. exd5 Nxf5 16. Re1+ Nge7 17. g4 Qd4+ 18. Kg2 Qxd5+ 19. Kh3 Nd4 20. Re3 h5 21. Kg3 hxg4 22. Rxe7+ Kxe7 23. Qxg4 Nf5+ 24. Kf2 Rxh2+ 0-1

[Event "Box Hill CC-ch"]
[Site "Box Hill"]
[Date "2000.06.09"]
[Round "6.9"]
[White "Zivanovic, Andjelija"]
[Black "Armerman, Mendel"]
[Result "1-0"]
[WhiteElo "1504"]
[BlackElo "1568"]
[PlyCount "57"]
[EventDate "2000.??.??"]
[EventType "swiss"]
[EventRounds "9"]
[EventCountry "AUS"]
[SourceTitle "EXT 2003"]
[Source "ChessBase"]
[SourceDate "2002.11.25"]
[SourceVersion "1"]
[SourceVersionDate "2002.11.25"]
[SourceQuality "1"]

1. d4 Nf6 2. Nf3 g6 3. c4 Bg7 4. Nc3 0-0 5. e4 d6 6. Be3 e5 7. dxe5 dxe5 8. Qxd8 Rxd8 9. Nd5 Nxd5 10. cxd5 Nd7 11. Rc1 c6 12. Bc4 c5 13. 0-0 a6 14. a3 b5 15. Ba2 c4 16. b3 cxb3 17. Bxb3 Bf8 18. a4 Rb8 19. axb5 axb5 20. Rfd1 Bb7 21. d6 Bxe4 22. Ng5 Bf5 23. Nxf7 Rdc8 24. Nxe5+ Kg7 25. Nxd7 Bxd7 26. Bd4+ Kh6 27. Be3+ g5 28. Rc7 Rd8 29. h4 1-0

[Event "Box Hill CC-ch"]
[Site "Box Hill"]
[Date "2000.05.05"]
[Round "1.6"]
[White "Armerman, Mendel"]
[Black "Ali, Mosaddeque"]
[Result "0-1"]
[WhiteElo "1568"]
[BlackElo "1885"]
[PlyCount "56"]
[EventDate "2000.??.??"]
[EventType "swiss"]
[EventRounds "9"]
[EventCountry "AUS"]
[SourceTitle "EXT 2003"]
[Source "ChessBase"]
[SourceDate "2002.11.25"]
[SourceVersion "1"]
[SourceVersionDate "2002.11.25"]
[SourceQuality "1"]

1. e4 e6 2. d4 d5 3. Nc3 Bb4 4. e5 c5 5. a3 Bxc3+ 6. bxc3 Ne7 7. Qg4 Qc7 8. Bd2 Nbc6 9. Nf3 Bd7 10. Be2 f5 11. exf6 gxf6 12. Qh5+ Ng6 13. 0-0 0-0-0 14. a4 c4 15. Nh4 Rdg8 16. f4 Be8 17. Nxg6 hxg6 18. Qg4 f5 19. Qg3 Nb8 20. Qe3 Bf7 21. Rf3 g5 22. Rg3 g4 23. Qe5 Qe7 24. Kf2 Nd7 25. Qe3 Rxh2 26. Bf1 Nf6 27. Bc1 Ne4+ 28. Ke2 Qh4 0-1